| 000 | 00595nam a2200193Ia 4500 | ||
|---|---|---|---|
| 003 | GCL | ||
| 008 | 140319s9999 xx 000 0 eng d | ||
| 040 |
_aGCL / _cGCL |
||
| 082 | 0 | 4 |
_a370.1523 _bP L |
| 100 | 1 | _aPITTENGER, OWEN E | |
| 245 | 1 | 0 |
_aLEARNING THEORIES IN EDUCATIONAL PRACTICE: AN INTEGRATION OF PSYCHOLOGICAL THEORY AND EDUCATIONAL / _cPITTENGER, OWEN E |
| 700 | 1 | _aGOODING, C THOMAS | |
| 260 |
_a[S.N] : _bJOHN WILEY AND SONS. INC ، _c1971 |
||
| 300 | _a222 P | ||
| 650 | 0 | 4 | _aEDUCATION |
| 650 | 0 | 4 | _aEDUCATIONAL PHILOSOPHY |
| 650 | 0 | 4 | _aEDUCATIONAL PRACTICE |
| 942 |
_2ddc _cBK |
||
| 999 |
_c14003 _d14003 |
||